000 00794pam a2200229 a 4500
001 2471779
005 20180109035051.0
008 900912s1991 mau b 001 0 eng
010 _a 90049161
020 _a0395533384 :
_c$19.95
040 _aDLC
_cDLC
_dDLC
041 _aeng
080 _a650.1
082 0 0 _a650.1 COO
_220
100 1 _a54
101 _aLID
245 1 4 _aThe performance edge :
_cRobert K. Cooper.
504 _aIncludes bibliographical references (p. 285-316) and index.
906 _a7
_bcbc
_corignew
_d1
_eocip
_f19
_gy-gencatlg
942 _2ddc
_cBK
999 _c39840
_d39840